[Event "Olimpiade 2022 - Open"]
[Site "Chennai"]
[Date "07.08.2022"]
[Round "9.15"]
[Board "1"]
[White "Lupulescu, Constantin"]
[Black "Schitco, Ivan"]
[Result "0-1"]
[WhiteTitle "GM"]
[BlackTitle "IM"]
[WhiteElo "2628"]
[BlackElo "2490"]
[WhiteTeam "Romania"]
[BlackTeam "Moldova"]
[WhiteFideId "1207822"]
[BlackFideId "13905465"]
[EventDate "2022.07.29"]

1. d4 d5 2. Nf3 Nf6 3. c4 e6 4. cxd5 exd5 5. Nc3 c6 6. Qc2 g6 7. Bg5 Be7 8. e3
Bf5 9. Bd3 Bxd3 10. Qxd3 Nbd7 11. Bh6 Bf8 12. Bf4 Nh5 13. O-O-O Nxf4 14. exf4
Bd6 15. g3 Qf6 16. Rde1+ Kd8 17. h4 h5 18. Ne5 Nb6 19. Qc2 Re8 20. Re3 Re7 21.
Rhe1 Rc8 22. Kb1 Rcc7 23. a4 a5 24. Qb3 Nc8 25. Ka1 Qf5 26. Nd1 Bb4 27. R1e2 Qf6
28. Nc3 Nd6 29. Rd3 Nf5 30. Nd1 Qg7 31. Rc2 f6 32. Nf3 Qf8 33. Nc3 Qe8 34. Na2
Re2 35. Nxb4 axb4 36. Ka2 Rxc2 37. Qxc2 Qe4 38. Qb3 Re7 39. Rd1 Qe2 40. Rd2 Qe4
41. Rd1 b5 42. a5 Ra7 43. Qd3 Rxa5+ 44. Kb3 Qxd3+ 45. Rxd3 Ra1 46. Kxb4 Rf1 47.
Rd2 Nd6 48. Re2 Ne4 49. Nd2 Rxf2 50. Rxf2 Nxf2 51. Nf1 Ne4 52. Kb3 Kd7 53. Kc2
Ke6 54. Kd3 b4 55. Kc2 c5 56. dxc5 Nxc5 57. Ne3 Ne4 58. Kb3 d4 59. Nc2 Nxg3 60.
Nxd4+ Kd5 61. Nc2 Nf5 62. Nxb4+ Ke4 63. Kc4 Kxf4 64. Nd5+ Ke5 65. b4 g5 66. Nb6
gxh4 67. Nd7+ Kf4 68. Nxf6 h3 0-1

[Event "Olimpiade 2022 - Open"]
[Site "Chennai"]
[Date "07.08.2022"]
[Round "9.15"]
[Board "2"]
[White "Macovei, Andrei"]
[Black "Parligras, Mircea-Emilian"]
[Result "1/2-1/2"]
[WhiteTitle "IM"]
[BlackTitle "GM"]
[WhiteElo "2478"]
[BlackElo "2576"]
[WhiteTeam "Moldova"]
[BlackTeam "Romania"]
[WhiteFideId "13904680"]
[BlackFideId "1204297"]
[EventDate "2022.07.29"]

1. e4 e5 2. Nf3 Nc6 3. Bc4 Bc5 4. c3 Nf6 5. d3 O-O 6. O-O d5 7. exd5 Nxd5 8. Re1
Bg4 9. Nbd2 Nb6 10. h3 Bh5 11. Bb3 Qxd3 12. Nxe5 Qf5 13. Nef3 Rad8 14. Qe2 Nd5
15. Ne4 Bxf3 16. Qxf3 Qxf3 17. gxf3 Bb6 18. Kf1 Ne5 19. Nc5 Bxc5 20. Rxe5 c6 21.
Bd2 Bd6 22. Re4 Nf6 23. Rd4 Be5 24. Rxd8 Rxd8 25. Bg5 h6 26. Bxf6 Bxf6 27. Rd1
Rxd1+ 28. Bxd1 Kf8 29. Ke2 Ke7 30. Bb3 Bg5 31. Kd3 Bc1 32. Kc2 Bf4 33. a4 a5 34.
Bc4 Bc7 35. Kd3 Bb6 36. Ke2 Bc5 37. Kf1 g5 38. Ke2 f6 39. f4 gxf4 40. f3 1/2-1/2

[Event "Olimpiade 2022 - Open"]
[Site "Chennai"]
[Date "07.08.2022"]
[Round "9.15"]
[Board "3"]
[White "Gavrilescu, David"]
[Black "Baltag, Iulian"]
[Result "0-1"]
[WhiteTitle "IM"]
[BlackTitle "IM"]
[WhiteElo "2525"]
[BlackElo "2405"]
[WhiteTeam "Romania"]
[BlackTeam "Moldova"]
[WhiteFideId "1227190"]
[BlackFideId "13901419"]
[EventDate "2022.07.29"]

1. e4 c5 2. Nf3 Nc6 3. Bb5 Nf6 4. Bxc6 dxc6 5. d3 Qc7 6. h3 e5 7. O-O h6 8. Nbd2
Be6 9. Nc4 Nd7 10. a4 g5 11. c3 O-O-O 12. Qe2 f6 13. Be3 h5 14. Nfd2 Be7 15. a5
g4 16. h4 Nb8 17. b4 Qd7 18. Bxc5 Bxc5 19. bxc5 Qxd3 20. Qxd3 Rxd3 21. Rfb1 Kc7
22. Nd6 Bc8 23. N2c4 Na6 24. Nb2 Rxc3 25. Na4 Rc2 26. Rc1 Rxc1+ 27. Rxc1 Nxc5
28. Nxc8 Nxa4 29. Nxa7 Ra8 30. Nb5+ Kd7 31. Rd1+ Ke7 32. Nd6 Nc5 33. Nf5+ Kf7
34. Rb1 Ke6 35. Ng7+ Ke7 36. Nf5+ Kd7 37. Rd1+ Kc7 38. Ng7 Rh8 39. Re1 Nb3 40.
Rd1 Nxa5 41. Ne6+ Kc8 42. Kh2 b5 43. Kg3 Nc4 44. f4 gxf3 45. Kxf3 Rg8 46. g3 Kb7
47. Nc5+ Kb6 48. Nd7+ Kc7 49. Nc5 Rg4 50. Ra1 Nd6 51. Ra6 Nb7 52. Nd3 Kd6 53.
Nb4 Nd8 54. Nd5 Rg7 55. Ne3 Rb7 56. g4 hxg4+ 57. Kxg4 Ke6 58. Ra8 Nf7 59. Ra6
Rc7 60. Nd5 f5+ 61. Kh3 Rc8 62. Nb4 Nd8 63. exf5+ Kxf5 64. Kg3 Ke4 65. h5 c5 66.
Na2 b4 67. h6 Nf7 68. Rf6 Nxh6 69. Rxh6 b3 70. Nc3+ Kd3 71. Na4 c4 72. Kg4 c3
73. Rh3+ Kd4 74. Nxc3 Rxc3 75. Rh8 Rc4 0-1

[Event "Olimpiade 2022 - Open"]
[Site "Chennai"]
[Date "07.08.2022"]
[Round "9.15"]
[Board "4"]
[White "Ceres, Dragos"]
[Black "Jianu, Vlad-Cristian"]
[Result "1/2-1/2"]
[WhiteTitle "IM"]
[BlackTitle "GM"]
[WhiteElo "2378"]
[BlackElo "2511"]
[WhiteTeam "Moldova"]
[BlackTeam "Romania"]
[WhiteFideId "13905864"]
[BlackFideId "1208110"]
[EventDate "2022.07.29"]

1. e4 c6 2. Nc3 d5 3. Nf3 Bg4 4. h3 Bxf3 5. Qxf3 e6 6. Be2 Bc5 7. O-O Nd7 8. Qg3
Bd4 9. exd5 exd5 10. Bd1 Ne7 11. Ne2 Be5 12. Qf3 d4 13. c3 Nc5 14. cxd4 Bxd4 15.
Nxd4 Qxd4 16. Qe3 Rd8 17. Re1 Qxe3 18. dxe3 Ng6 19. Bc2 Nd3 20. Rd1 Nxc1 21.
Raxc1 Ke7 22. Kf1 Ne5 23. Ke2 g6 24. Bb3 f6 25. h4 h6 26. Rd4 Rxd4 27. exd4 Nd7
28. Kd2 Re8 29. Rc3 Kd6 30. Bc2 g5 31. Rf3 Rg8 32. h5 Re8 33. Rf5 b6 34. b4 Re6
35. Rf3 Re7 36. Ra3 Nf8 37. Rf3 Nd7 38. Ra3 1/2-1/2

[Event "Olimpiade 2022 - Open"]
[Site "Chennai"]
[Date "07.08.2022"]
[Round "9.16"]
[Board "1"]
[White "Nabaty, Tamir"]
[Black "Henderson de La Fuente, Lance"]
[Result "1/2-1/2"]
[WhiteTitle "GM"]
[BlackTitle "GM"]
[WhiteElo "2631"]
[BlackElo "2490"]
[WhiteTeam "Israel"]
[BlackTeam "Andorra"]
[WhiteFideId "2809052"]
[BlackFideId "32096585"]
[EventDate "2022.07.29"]

1. d4 Nf6 2. Nf3 b6 3. Bg5 Bb7 4. Nbd2 g6 5. Bxf6 exf6 6. e4 Bg7 7. Bd3 O-O 8.
O-O d5 9. c3 Nd7 10. Qa4 c5 11. exd5 cxd4 12. cxd4 a6 13. d6 b5 14. Qa3 Nb6 15.
Rfe1 Nc8 16. Be4 Nxd6 17. Bxb7 Nxb7 18. Rac1 Re8 19. Rxe8+ Qxe8 20. Rc7 Bf8 21.
Qc3 Nd6 22. Qc6 Qxc6 23. Rxc6 Rc8 24. Rxc8 Nxc8 25. Ne4 Be7 26. Kf1 Kf8 27. Ke2
Ke8 28. Nc5 a5 29. Kd3 Nb6 30. Nd2 Nd5 31. Ke4 Nc7 32. g4 Bxc5 33. dxc5 Kd7 34.
Nb3 Ne6 35. c6+ Kxc6 36. Nxa5+ Kd6 37. Nb3 Ng5+ 38. Ke3 Ne6 39. Nd4 Nc7 40. Ke4
Kc5 41. Nb3+ Kd6 42. Nc1 Kc5 43. Nd3+ Kc4 44. Nf4 Kc5 45. b3 Kd6 46. Kd4 Kc6 47.
a4 bxa4 48. bxa4 Kd6 49. h3 Kc6 50. h4 g5 51. hxg5 fxg5 52. Nh5 Ne6+ 53. Ke3 Nc5
54. a5 Nd7 55. Ke4 Kb5 56. Kf5 Kxa5 57. Nf6 Nf8 58. Kxg5 Kb5 59. Kh6 Kc4 60. Kg7
Ng6 61. Kxf7 Kd3 62. g5 Ke2 63. Nxh7 Nf4 64. Nf8 Kxf2 65. Ne6 Nh5 66. g6 Kf3 67.
Nc7 Kg4 68. Ne8 Kg5 69. Nd6 Kf4 70. Ne8 Kg5 71. Nc7 Kf5 72. Ne6 Ke5 73. Nc5 Kf5
74. Nb3 Ke5 75. Nc1 Kf5 76. Ne2 Ke5 77. Nc1 Kf5 78. Nd3 Ke4 79. Nc5+ Kf5 80. Ne6
Ke5 81. Nc7 Kf5 82. Na6 Kg5 83. Nb4 Kf5 84. Nd5 Ke5 85. Nc3 Kf5 86. Ne2 Ke5 87.
Kg8 Kf5 88. Kh7 Nf6+ 89. Kg7 Kg5 90. Kf7 Ne8 91. Nf4 Nd6+ 92. Kf8 Nf5 93. g7
Nxg7 94. Kxg7 Kxf4 1/2-1/2

[Event "Olimpiade 2022 - Open"]
[Site "Chennai"]
[Date "07.08.2022"]
[Round "9.16"]
[Board "2"]
[White "Fluvia Poyatos, Jordi"]
[Black "Smirin, Ilia"]
[Result "0-1"]
[WhiteTitle "IM"]
[BlackTitle "GM"]
[WhiteElo "2451"]
[BlackElo "2601"]
[WhiteTeam "Andorra"]
[BlackTeam "Israel"]
[WhiteFideId "2214334"]
[BlackFideId "2801990"]
[EventDate "2022.07.29"]

1. e4 c5 2. Nf3 Nc6 3. d4 cxd4 4. Nxd4 Qb6 5. Nb3 Nf6 6. Bd3 e6 7. c4 Ne5 8. O-O
a6 9. Bf4 d6 10. c5 Qc7 11. Na3 Nfd7 12. cxd6 Bxd6 13. Rc1 Qb8 14. Bb1 O-O 15.
Bg3 b5 16. f4 Bxa3 17. bxa3 Nc4 18. e5 f5 19. exf6 Nxf6 20. f5 e5 21. Nc5 Bb7
22. a4 Bxg2 23. Re1 Rd8 24. Qb3 Bd5 25. Qb4 Nh5 26. Be4 Nf6 27. Bxd5+ Nxd5 28.
Qb3 Qb6 29. Bf2 Qf6 30. Ne6 Qxf5 31. Nxd8 Rxd8 32. Rcd1 Qg6+ 33. Qg3 Qc6 34.
axb5 axb5 35. Qf3 h6 36. Qe4 Rd6 37. Rd3 Qd7 38. Red1 Nb2 39. Rxd5 Nxd1 40. Rxe5
Nxf2 41. Kxf2 Rd2+ 42. Kg3 Rxa2 43. Qd5+ Qxd5 44. Rxd5 Ra3+ 45. Kg4 Ra4+ 46. Kg3
Rb4 47. Rd7 Kh7 48. Rd6 h5 49. Rb6 g6 50. Rb7+ Kh6 51. h4 g5 52. Rb6+ Kg7 53.
hxg5 Rg4+ 54. Kf3 Rxg5 55. Kf4 Rc5 56. Ke4 h4 57. Kf4 h3 58. Rb7+ Kf6 59. Rb6+
Ke7 60. Rh6 Rc3 61. Ke5 b4 62. Rh7+ Kf8 63. Ke6 b3 0-1

[Event "Olimpiade 2022 - Open"]
[Site "Chennai"]
[Date "07.08.2022"]
[Round "9.16"]
[Board "3"]
[White "Rodshtein, Maxim"]
[Black "De La Riva Aguado, Oscar"]
[Result "1-0"]
[WhiteTitle "GM"]
[BlackTitle "GM"]
[WhiteElo "2596"]
[BlackElo "2424"]
[WhiteTeam "Israel"]
[BlackTeam "Andorra"]
[WhiteFideId "2806851"]
[BlackFideId "6900224"]
[EventDate "2022.07.29"]

1. d4 Nf6 2. c4 g6 3. Nc3 Bg7 4. e4 d6 5. f3 O-O 6. Nge2 c5 7. Be3 Nc6 8. d5 Ne5
9. Ng3 e6 10. Be2 exd5 11. cxd5 h5 12. Bg5 Qb6 13. Qb3 Qc7 14. a4 Nh7 15. Bd2 h4
16. Nf1 h3 17. g4 f5 18. gxf5 gxf5 19. f4 c4 20. Qa3 Nd3+ 21. Bxd3 cxd3 22. Rg1
fxe4 23. Nb5 Qe7 24. Qxd6 Qh4+ 25. Rg3 Qh5 26. Rxg7+ Kxg7 27. Ng3 Qg4 28. Rc1
Bd7 29. f5 Bxf5 30. Nd4 Bd7 31. Rc7 Rf7 32. Rxd7 Qxd7 33. Ndf5+ Kh8 34. Bc3+ Nf6
35. Bxf6+ Kh7 36. Qf4 d2+ 37. Kxd2 Rxf6 38. Qh4+ Kg8 39. Qxf6 Qxd5+ 40. Ke3 Qc5+
41. Kf4 Qc7+ 42. Kg5 1-0

[Event "Olimpiade 2022 - Open"]
[Site "Chennai"]
[Date "07.08.2022"]
[Round "9.16"]
[Board "4"]
[White "Ribera Veganzones, Josep Maria"]
[Black "Postny, Evgeny"]
[Result "0-1"]
[WhiteTitle "CM"]
[BlackTitle "GM"]
[WhiteElo "2228"]
[BlackElo "2564"]
[WhiteTeam "Andorra"]
[BlackTeam "Israel"]
[WhiteFideId "6900763"]
[BlackFideId "2804344"]
[EventDate "2022.07.29"]

1. e4 c6 2. d4 d5 3. e5 Bf5 4. h4 Qb6 5. a4 a5 6. Nf3 e6 7. Bd3 Bg4 8. c3 c5 9.
Bb5+ Nc6 10. Be3 Nh6 11. dxc5 Bxc5 12. Bxc5 Qxc5 13. Qd4 Qe7 14. Nbd2 O-O 15.
Qe3 Bxf3 16. Nxf3 f6 17. exf6 Rxf6 18. O-O Nf5 19. Qe2 Qc5 20. Bxc6 bxc6 21. Qe5
Raf8 22. Rae1 Qc4 23. Nd4 Nxh4 24. Qg5 Nxg2 25. Rxe6 Nf4 26. Rxf6 Nh3+ 0-1

[Event "Olimpiade 2022 - Open"]
[Site "Chennai"]
[Date "07.08.2022"]
[Round "9.17"]
[Board "1"]
[White "Moroni, Luca Jr"]
[Black "Baburin, Alexander"]
[Result "1-0"]
[WhiteTitle "GM"]
[BlackTitle "GM"]
[WhiteElo "2584"]
[BlackElo "2400"]
[WhiteTeam "Italy"]
[BlackTeam "Ireland"]
[WhiteFideId "865834"]
[BlackFideId "2500914"]
[EventDate "2022.07.29"]

1. e4 Nf6 2. e5 Nd5 3. d4 d6 4. c4 Nb6 5. f4 Bf5 6. Nc3 e6 7. Nf3 Be7 8. Be2
dxe5 9. fxe5 O-O 10. O-O Nc6 11. Be3 f6 12. exf6 Bxf6 13. Qd2 h6 14. Rad1 Qe8
15. Kh1 Rd8 16. Qc1 Rf7 17. d5 exd5 18. cxd5 Nb4 19. Bxb6 axb6 20. Bc4 Kh8 21.
d6 Rfd7 22. Qf4 Bc2 23. Rde1 Qf8 24. dxc7 Rc8 25. Be6 Nd3 26. Qd2 1-0

[Event "Olimpiade 2022 - Open"]
[Site "Chennai"]
[Date "07.08.2022"]
[Round "9.17"]
[Board "2"]
[White "Murphy, Conor E"]
[Black "Lodici, Lorenzo"]
[Result "1-0"]
[WhiteTitle "IM"]
[BlackTitle "GM"]
[WhiteElo "2404"]
[BlackElo "2553"]
[WhiteTeam "Ireland"]
[BlackTeam "Italy"]
[WhiteFideId "421669"]
[BlackFideId "884189"]
[EventDate "2022.07.29"]

1. e4 e5 2. Nf3 Nc6 3. Bc4 Bc5 4. c3 Nf6 5. d3 d6 6. Nbd2 h6 7. O-O O-O 8. Re1
a5 9. Nf1 Ba7 10. h3 Ne7 11. Ng3 Ng6 12. d4 Re8 13. Bd3 Bd7 14. Be3 Qe7 15. Qd2
Qf8 16. Rad1 Rad8 17. Qc2 Ra8 18. c4 exd4 19. Nxd4 Nf4 20. Bf1 Ne6 21. Nb5 Bxe3
22. Rxe3 Rac8 23. a3 Nf4 24. b4 axb4 25. axb4 Re5 26. Nc3 Rce8 27. Qd2 g5 28.
Ra1 Qe7 29. Ra7 Bc8 30. Ra8 Bd7 31. Ra7 Bc8 32. Ra8 Bd7 33. Rxe8+ Qxe8 34. Re1
Qa8 35. Qb2 Qa7 36. c5 Qb8 37. Rd1 Be6 38. Nb5 Nxe4 39. cxd6 Rxb5 40. Nxe4 1-0

[Event "Olimpiade 2022 - Open"]
[Site "Chennai"]
[Date "07.08.2022"]
[Round "9.17"]
[Board "3"]
[White "Sonis, Francesco"]
[Black "Kanyamarala, Tarun"]
[Result "1/2-1/2"]
[WhiteTitle "GM"]
[BlackTitle "FM"]
[WhiteElo "2543"]
[BlackElo "2379"]
[WhiteTeam "Italy"]
[BlackTeam "Ireland"]
[WhiteFideId "895733"]
[BlackFideId "45004714"]
[EventDate "2022.07.29"]

1. Nf3 d5 2. g3 Nc6 3. d4 Bf5 4. Bg2 Nb4 5. Na3 e6 6. O-O Be7 7. c3 Nc6 8. Qa4
Qd7 9. b4 a6 10. b5 Na7 11. Ne5 axb5 12. Qb3 Qc8 13. g4 Bg6 14. Nxb5 Nxb5 15.
Qxb5+ c6 16. Qb3 Nf6 17. h4 h6 18. Nxg6 fxg6 19. f3 O-O 20. Qb1 Ne8 21. Qxg6
Bxh4 22. f4 Nd6 23. Qd3 Be7 24. Bf3 Qd7 25. Kg2 Ra4 26. Rh1 Rfa8 27. a3 Bf8 28.
Rb1 b5 29. Qg6 Qf7 30. Rxh6 Qxg6 31. Rxg6 Kf7 32. f5 Re8 33. Bf4 Rxa3 34. Rh1
Rxc3 35. Rh8 exf5 36. Bxd6 Bxd6 37. Rxe8 Kxg6 38. Re6+ Kg5 39. Rxd6 fxg4 40.
Bxd5 cxd5 41. Rxd5+ Kf4 42. Rxb5 1/2-1/2

[Event "Olimpiade 2022 - Open"]
[Site "Chennai"]
[Date "07.08.2022"]
[Round "9.17"]
[Board "4"]
[White "Heidenfeld, Mark"]
[Black "Brunello, Sabino"]
[Result "0-1"]
[WhiteTitle "IM"]
[BlackTitle "GM"]
[WhiteElo "2355"]
[BlackElo "2520"]
[WhiteTeam "Ireland"]
[BlackTeam "Italy"]
[WhiteFideId "2500990"]
[BlackFideId "813613"]
[EventDate "2022.07.29"]

1. e4 c5 2. Nf3 d6 3. d4 cxd4 4. Nxd4 Nf6 5. Nc3 a6 6. g3 e5 7. Nde2 Be6 8. Bg2
Nbd7 9. O-O h5 10. Bg5 Be7 11. Qd2 b5 12. a4 b4 13. Nd5 Nxd5 14. exd5 Bxg5 15.
f4 Bg4 16. fxg5 Bxe2 17. Qxe2 Qxg5 18. Rf4 h4 19. Rg4 Qh5 20. Bf3 hxg3 21. hxg3
Qh3 22. Bg2 Qh5 23. Bf3 Ke7 24. Rxb4 Qh3 25. Kf2 Qf5 26. Kg2 Rac8 27. c3 Rh6 28.
Rh4 Rxh4 29. gxh4 Rh8 30. Rh1 Nc5 31. b4 Qg6+ 32. Kf1 Nxa4 33. Qxa6 Nxc3 34.
Qa7+ Kf6 35. Qe3 Rc8 36. Rg1 Qh6 37. Qf2 Ke7 38. Rg4 Qc1+ 39. Kg2 Nxd5 40. Kg3
Ne3 0-1

[Event "Olimpiade 2022 - Open"]
[Site "Chennai"]
[Date "07.08.2022"]
[Round "9.18"]
[Board "2"]
[White "Tari, Aryan"]
[Black "Priasmoro, Novendra"]
[Result "1/2-1/2"]
[WhiteTitle "GM"]
[BlackTitle "GM"]
[WhiteElo "2672"]
[BlackElo "2494"]
[WhiteTeam "Norway"]
[BlackTeam "Indonesia"]
[WhiteFideId "1510045"]
[BlackFideId "7105029"]
[EventDate "2022.07.29"]

1. e4 e5 2. Nf3 Nc6 3. Bc4 Nf6 4. d3 Bc5 5. c3 d6 6. O-O O-O 7. Re1 a5 8. h3 h6
9. d4 Ba7 10. Bb3 Re8 11. Bc2 exd4 12. cxd4 Nb4 13. Nc3 Nxc2 14. Qxc2 c6 15. Bd2
Be6 16. Be3 Qd7 17. Rad1 b5 18. Nd2 Re7 19. Ne2 Rae8 20. Rc1 c5 21. b3 Bxh3 22.
gxh3 Qxh3 23. Nf4 Qg4+ 24. Ng2 cxd4 25. Bf4 Nd5 26. Bxd6 Re6 27. Qd3 Nc3 28. Bg3
h5 29. e5 Rg6 30. Nf3 Nxa2 31. Rc7 Nb4 32. Qxb5 Rb8 33. Qd7 Qxf3 34. Rxa7 Nd3
35. Qc7 Rf8 36. Rf1 Nxf2 37. Rxf2 Qxg3 38. e6 Qxc7 39. Rxc7 fxe6 40. Rd2 Rb8 41.
Rxd4 Rxb3 42. Rd8+ Kh7 43. Rc5 Rg4 44. Rxh5+ Kg6 45. Rh4 Rxh4 46. Nxh4+ Kg5 47.
Ng2 a4 48. Ra8 a3 49. Kf2 e5 50. Ra4 g6 1/2-1/2

[Event "Olimpiade 2022 - Open"]
[Site "Chennai"]
[Date "07.08.2022"]
[Round "9.18"]
[Board "3"]
[White "Taher, Yoseph Theolifus"]
[Black "Hammer, Jon Ludvig"]
[Result "1/2-1/2"]
[WhiteTitle "IM"]
[BlackTitle "GM"]
[WhiteElo "2463"]
[BlackElo "2638"]
[WhiteTeam "Indonesia"]
[BlackTeam "Norway"]
[WhiteFideId "7105347"]
[BlackFideId "1503707"]
[EventDate "2022.07.29"]

1. e4 e5 2. Nf3 Nc6 3. Bb5 Nf6 4. O-O Nxe4 5. d4 Nd6 6. Bxc6 dxc6 7. dxe5 Nf5 8.
Qxd8+ Kxd8 9. Rd1+ Ke8 10. Nc3 Ne7 11. h3 h6 12. b3 Ng6 13. Bb2 Nf4 14. Rd4 Ne6
15. Rd2 Bb4 16. Rad1 c5 17. a3 Bxc3 18. Bxc3 b6 19. Nh4 Bb7 20. f4 Nxf4 21. e6
Nxe6 22. Nf5 Rg8 23. Rd7 Bc6 24. Re7+ Kf8 25. Be5 g6 26. Rxe6 fxe6 27. Nxh6 Ke7
28. Nxg8+ Rxg8 29. Bxc7 Rh8 30. Bd6+ Ke8 31. Bb8 1/2-1/2

[Event "Olimpiade 2022 - Open"]
[Site "Chennai"]
[Date "07.08.2022"]
[Round "9.18"]
[Board "4"]
[White "Urkedal, Frode Olav Olsen"]
[Black "Ervan, Mohamad"]
[Result "1-0"]
[WhiteTitle "GM"]
[BlackTitle "IM"]
[WhiteElo "2555"]
[BlackElo "2402"]
[WhiteTeam "Norway"]
[BlackTeam "Indonesia"]
[WhiteFideId "1506102"]
[BlackFideId "7102135"]
[EventDate "2022.07.29"]

1. d4 Nf6 2. c4 e6 3. Nf3 b6 4. g3 Bb4+ 5. Bd2 c5 6. Bg2 Bb7 7. Bxb4 cxb4 8. O-O
O-O 9. Qd3 d6 10. Nbd2 a5 11. Rfd1 Qc7 12. e4 Nbd7 13. Ne1 Rfd8 14. Nc2 Rab8 15.
a3 bxa3 16. Nxa3 Nf8 17. Nb5 Qe7 18. Nf1 Ba6 19. Ne3 g6 20. Nxd6 Qxd6 21. e5 Qb4
22. exf6 Nd7 23. d5 e5 24. Qa3 Qxa3 25. Rxa3 Bb7 26. b4 axb4 27. Rb3 Ba6 28. Ra1
b5 29. Rxb4 bxc4 30. Rxb8 Nxb8 31. Ng4 c3 32. Nxe5 h5 33. Rc1 Nd7 34. Nxd7 Rxd7
35. Rxc3 Bb7 36. Rc5 Rd6 37. f4 Rxf6 38. Rb5 Ba6 39. Rb8+ Kg7 40. Kf2 g5 41. Ke3
gxf4+ 42. gxf4 Bc4 43. Rb4 Ba6 44. Rb8 Bc4 45. Rb4 Ba6 46. h4 Bc8 47. Rc4 Bd7
48. Rc7 Rd6 49. Kd4 Bg4 50. Ke5 Ra6 51. f5 Ra2 52. Be4 Ra8 53. f6+ Kf8 54. d6
Ra5+ 55. Kf4 Rb5 56. d7 Rb8 57. Bf5 1-0

[Event "Olimpiade 2022 - Open"]
[Site "Chennai"]
[Date "07.08.2022"]
[Round "9.19"]
[Board "1"]
[White "Wojtaszek, Radoslaw"]
[Black "Amartuvshin, Ganzorig"]
[Result "1/2-1/2"]
[WhiteTitle "GM"]
[BlackTitle "FM"]
[WhiteElo "2708"]
[BlackElo "2409"]
[WhiteTeam "Poland"]
[BlackTeam "Mongolia"]
[WhiteFideId "1118358"]
[BlackFideId "4902548"]
[EventDate "2022.07.29"]

1. d4 Nf6 2. c4 e6 3. Nf3 Bb4+ 4. Bd2 Qe7 5. g3 Nc6 6. Nc3 Bxc3 7. Bxc3 Ne4 8.
Rc1 Nxc3 9. Rxc3 d6 10. d5 Nd8 11. Bg2 O-O 12. Qc2 c6 13. dxc6 bxc6 14. O-O e5
15. Rd1 a5 16. Re3 f6 17. Nd4 Ra6 18. Nf5 Bxf5 19. Qxf5 g6 20. Qd3 c5 21. Qd2 f5
22. Bd5+ Kg7 23. f4 Qf6 24. Rb3 a4 25. Rb5 Re8 26. e3 exf4 27. exf4 Ra7 28. Rb6
Rae7 29. Qc3 Qxc3 30. bxc3 Re2 31. a3 Ra2 32. Rxd6 Rxa3 33. Bg2 Nf7 34. Rd7 Kf8
35. Ra7 Re7 36. Ra8+ Re8 37. Ra7 Re7 38. Ra8+ Re8 39. Ra7 1/2-1/2

[Event "Olimpiade 2022 - Open"]
[Site "Chennai"]
[Date "07.08.2022"]
[Round "9.19"]
[Board "2"]
[White "Gundavaa, Bayarsaikhan"]
[Black "Piorun, Kacper"]
[Result "0-1"]
[WhiteTitle "GM"]
[BlackTitle "GM"]
[WhiteElo "2503"]
[BlackElo "2636"]
[WhiteTeam "Mongolia"]
[BlackTeam "Poland"]
[WhiteFideId "4901045"]
[BlackFideId "1130420"]
[EventDate "2022.07.29"]

1. d4 f5 2. Nc3 Nf6 3. Bg5 d5 4. e3 e6 5. Nf3 Nbd7 6. Bd3 c5 7. dxc5 Nxc5 8. O-O
a6 9. Ne2 Bd6 10. Bf4 b5 11. Ned4 O-O 12. c3 Qc7 13. Bxd6 Qxd6 14. Bc2 Bd7 15.
Nb3 Na4 16. Rb1 e5 17. Nh4 g6 18. Kh1 Nb6 19. Na5 Rae8 20. f3 e4 21. g3 exf3 22.
Rxf3 Qc7 23. Qd4 Nc4 24. Nb3 Bc6 25. Kg1 Ng4 26. Ng2 Ba8 27. Nc5 Rf6 28. b4 Rd6
29. Re1 Re4 30. Qd1 Qg7 31. h3 Nh6 32. Bb3 Nf7 33. Qc1 Ng5 34. Rff1 Re7 35. h4
Ne4 36. Nxe4 dxe4 37. Rd1 Rd3 38. Qa3 Bb7 39. Bxc4+ bxc4 40. Rc1 Qe5 41. Rf4
Red7 42. Rc2 h6 43. Kh2 g5 44. Rf1 gxh4 45. Nxh4 Rxe3 46. Rg2 Rd2 47. Rf4 Ree2
48. Rxe2 Rxe2+ 49. Kh3 e3 50. Qc1 Rd2 51. Rd4 Rxd4 52. cxd4 Qd5 0-1

[Event "Olimpiade 2022 - Open"]
[Site "Chennai"]
[Date "07.08.2022"]
[Round "9.19"]
[Board "3"]
[White "Moranda, Wojciech"]
[Black "Bilguun, Sumiya"]
[Result "1/2-1/2"]
[WhiteTitle "GM"]
[BlackTitle "GM"]
[WhiteElo "2636"]
[BlackElo "2463"]
[WhiteTeam "Poland"]
[BlackTeam "Mongolia"]
[WhiteFideId "1122401"]
[BlackFideId "4901541"]
[EventDate "2022.07.29"]

1. e4 c5 2. Nf3 d6 3. d4 cxd4 4. Nxd4 Nf6 5. Nc3 a6 6. Bd3 g6 7. f3 Bg7 8. Be3
h5 9. Qd2 Nbd7 10. O-O h4 11. a4 Ne5 12. Be2 Bd7 13. Nd5 Rc8 14. b3 e6 15. Nxf6+
Bxf6 16. f4 Nc6 17. Rad1 Qa5 18. Nf3 Qxd2 19. Rxd2 Nb4 20. Bd1 d5 21. exd5 Nxd5
22. Bd4 Bxd4+ 23. Nxd4 b5 24. a5 Ne3 25. Re1 Nxd1 26. Rexd1 b4 27. Ne2 Bc6 28.
Rd4 Bb5 29. R1d2 Rh5 30. Rxb4 Bxe2 31. Rxe2 Rxa5 32. f5 Rxf5 33. Rxh4 Rc3 34.
Rh8+ Ke7 35. Ra8 Rfc5 36. Ra7+ Rc7 1/2-1/2

[Event "Olimpiade 2022 - Open"]
[Site "Chennai"]
[Date "07.08.2022"]
[Round "9.19"]
[Board "4"]
[White "Gan-Erdene, Sugar"]
[Black "Bartel, Mateusz"]
[Result "0-1"]
[WhiteTitle "IM"]
[BlackTitle "GM"]
[WhiteElo "2428"]
[BlackElo "2597"]
[WhiteTeam "Mongolia"]
[BlackTeam "Poland"]
[WhiteFideId "4902980"]
[BlackFideId "1112635"]
[EventDate "2022.07.29"]

1. d4 d5 2. c4 dxc4 3. e3 e5 4. Bxc4 Nc6 5. Nf3 e4 6. Nfd2 Qg5 7. g3 Qg6 8. Nc3
Nf6 9. a3 Bd6 10. Nd5 Ng4 11. Be2 h5 12. Nc4 h4 13. Nxd6+ Qxd6 14. Bxg4 Qxd5 15.
Bxc8 Rxc8 16. Qg4 Rd8 17. Qxg7 Kd7 18. Qf6 Kc8 19. Bd2 Rh5 20. Bc3 Rg8 21. O-O-O
Rf5 22. Qxh4 b5 23. Qh3 Kb7 24. Rd2 a5 25. Rc2 b4 26. Be1 Rgg5 27. Qf1 Qd6 28.
a4 Rd5 29. Qc4 Ne5 30. Qb3 c5 31. Kb1 cxd4 32. Bd2 d3 33. Rcc1 Rf5 34. f4 Nf3
35. Rhd1 Rc5 36. g4 Qd5 37. Qxd5+ Rfxd5 38. b3 Nxh2 39. g5 Nf3 40. Rxc5 Rxc5 41.
Bc1 Kc6 42. Rh1 d2 43. Bxd2 Nxd2+ 44. Kb2 Rc3 45. f5 Rxe3 46. Rg1 Re2 0-1

[Event "Olimpiade 2022 - Open"]
[Site "Chennai"]
[Date "07.08.2022"]
[Round "9.20"]
[Board "1"]
[White "Bachmann, Axel"]
[Black "Ganguly, Surya Shekhar"]
[Result "1-0"]
[WhiteTitle "GM"]
[BlackTitle "GM"]
[WhiteElo "2588"]
[BlackElo "2608"]
[WhiteTeam "Paraguay"]
[BlackTeam "India 3"]
[WhiteFideId "3700488"]
[BlackFideId "5002150"]
[EventDate "2022.07.29"]

1. Nf3 d5 2. e3 Nf6 3. c4 e6 4. b3 b6 5. Bb2 Bb7 6. cxd5 exd5 7. Nc3 Nbd7 8. Rc1
a6 9. Ne2 c5 10. Ng3 h5 11. h4 g6 12. Be2 Bd6 13. O-O O-O 14. Ng5 Ne5 15. Qc2
Bc8 16. f4 Neg4 17. Bd3 Ra7 18. Rf3 b5 19. Qb1 Re8 20. b4 cxb4 21. Bd4 Rae7 22.
Bxf6 Nxf6 23. f5 Bxg3 24. fxg6 Be5 25. gxf7+ Rxf7 26. Nxf7 Kxf7 27. Bh7 Bg4 28.
Qg6+ Ke7 29. d4 Bxd4 30. exd4 Bxf3 31. Qg7+ Kd6 32. Qg3+ Ke7 33. Qg7+ Kd6 34.
Qg3+ Ke7 35. Rc7+ Nd7 36. Rc6 Bg4 37. Qd6+ 1-0